000 00636nam a22001937a 4500
005 20250724123819.0
010 _aENG-146101
020 _a9789364446693
_c850.00
035 _aEN-129633
037 _bDBAD
082 _a330.954
_26
100 _aSinghania, Nitin
_983269
245 _aIndian Economy:
_cNitin Singhania
_bFor Civil Services and other Competitve Examinations/
250 _a6
260 _aChennai
_bMcGraw Hill Education Private Limited
_c2025
270 _bChennai`
_aAnjana Complex No. 5/90 A, Butt Road, St Thomas Mount
_e600016
300 _a783p.
_c24cm(pbk)
942 _2ddc
_cEN
_h330.954
_mSIN
999 _c212553
_d212553